[Event "FRA-ch Blitz Online Qual"]
[Site "Europe Echecs INT"]
[Date "2020.05.16"]
[Round "15"]
[White "Goulesque, Camille"]
[Black "Daurelle, Herve"]
[Result "0-1"]
[WhiteElo "1899"]
[BlackElo "2205"]
[PlyCount "80"]
[EventDate "2020.05.16"]
[EventType "swiss (blitz)"]
[EventRounds "15"]
[EventCountry "FRA"]
[SourceTitle "CBM 196 Extra"]
[Source "ChessBase"]
[SourceDate "2020.07.31"]
[SourceVersion "1"]
[SourceVersionDate "2020.07.31"]
[SourceQuality "1"]

1. d4 Nf6 2. c4 e6 3. Nf3 c5 4. e3 d5 5. Nc3 a6 6. a3 Nc6 7. Be2 dxc4 8. 0-0 cxd4 9. exd4 b5 10. Bg5 Be7 11. Qc2 0-0 12. Rad1 Nd5 13. Bxe7 Qxe7 14. Ne4 Nf4 15. Nc5 Nxe2+ 16. Qxe2 Bb7 17. Qe4 Na5 18. Qg4 Bxf3 19. Qxf3 Rad8 20. h3 Rd5 21. Rfe1 Rfd8 22. Re4 Nc6 23. Nxa6 Nxd4 24. Qg4 f5 25. Qh4 Nf3+ 26. gxf3 Rxd1+ 27. Kh2 Qd6+ 28. Rf4 Qxa6 29. Qg3 Qd6 30. h4 Rd4 31. Rxd4 Qxg3+ 32. Kxg3 Rxd4 33. f4 Rd3+ 34. Kg2 Rb3 35. f3 Rxb2+ 36. Kg3 c3 37. h5 c2 38. a4 c1Q 39. Kh4 Qh1+ 40. Kg5 Rg2# 0-1

[Event "FRA-ch Blitz Online Qual"]
[Site "Europe Echecs INT"]
[Date "2020.05.16"]
[Round "12"]
[White "Pucher, Sebastien"]
[Black "Goulesque, Camille"]
[Result "1-0"]
[WhiteElo "2322"]
[BlackElo "1899"]
[PlyCount "47"]
[EventDate "2020.05.16"]
[EventType "swiss (blitz)"]
[EventRounds "15"]
[EventCountry "FRA"]
[SourceTitle "CBM 196 Extra"]
[Source "ChessBase"]
[SourceDate "2020.07.31"]
[SourceVersion "1"]
[SourceVersionDate "2020.07.31"]
[SourceQuality "1"]

1. b3 e5 2. Bb2 f6 3. e4 c6 4. d4 Bb4+ 5. c3 Ba5 6. dxe5 fxe5 7. Qh5+ Kf8 8. Qxe5 Bc7 9. Qd4 Nf6 10. c4 d6 11. Nf3 Nbd7 12. Nbd2 Qe7 13. Be2 Ng4 14. 0-0 Nge5 15. Rad1 Bb6 16. Qc3 Ke8 17. Nd4 Nf6 18. Kh1 Bd7 19. Rde1 Kd8 20. f4 Neg4 21. Bxg4 Nxg4 22. e5 Qh4 23. N2f3 Nf2+ 24. Kg1 1-0

[Event "Riscle-B"]
[Site "Riscle"]
[Date "2018.08.08"]
[Round "3"]
[White "Goulesque, Camille"]
[Black "Camilleri, Herve"]
[Result "0-1"]
[WhiteElo "1923"]
[BlackElo "1840"]
[PlyCount "92"]
[EventDate "2018.08.06"]
[EventType "tourn"]
[EventRounds "7"]
[EventCountry "FRA"]
[SourceTitle "EXT 2020"]
[Source "ChessBase"]
[SourceDate "2019.10.17"]
[SourceVersion "1"]
[SourceVersionDate "2019.10.17"]
[SourceQuality "1"]

1. e4 e5 2. Nf3 d6 3. Bc4 Be7 4. c3 Nf6 5. d3 0-0 6. h3 c6 7. a4 d5 8. exd5 cxd5 9. Bb3 Nc6 10. 0-0 h6 11. Na3 Bf5 12. Re1 Bd6 13. g4 Be6 14. g5 Bxh3 15. gxf6 Qxf6 16. Kh1 e4 17. dxe4 Bg4 18. Kg2 Ne5 19. Nxe5 Bxd1 20. Rxd1 Qxe5 21. Rd4 Qh2+ 22. Kf1 Be5 23. Bxd5 Bxd4 24. cxd4 Qh1+ 25. Ke2 Rac8 26. Nc4 Rfd8 27. b3 Rxd5 28. exd5 Qxd5 29. Be3 Re8 30. Rd1 f5 31. f4 a6 32. a5 Qe4 33. d5 Qc2+ 34. Rd2 Qxb3 35. Ne5 Qb5+ 36. Kf2 Qxa5 37. d6 Rd8 38. d7 g5 39. Rd6 Qa2+ 40. Rd2 Qe6 41. Kg3 h5 42. Bc5 gxf4+ 43. Kxf4 Qh6+ 44. Kxf5 Qxd2 45. Ke6 Qh6+ 46. Ke7 Qf8+ 0-1

[Event "Avoine op 32nd"]
[Site "Avoine"]
[Date "2017.07.22"]
[Round "5"]
[White "Goulesque, Camille"]
[Black "Cau, Benjamin"]
[Result "0-1"]
[WhiteElo "1909"]
[BlackElo "2098"]
[PlyCount "84"]
[EventDate "2017.07.22"]
[EventType "swiss"]
[EventRounds "9"]
[EventCountry "FRA"]
[SourceTitle "CBM 179 Extra"]
[Source "ChessBase"]
[SourceDate "2017.08.23"]
[SourceVersion "1"]
[SourceVersionDate "2017.08.23"]
[SourceQuality "1"]

1. e4 c6 2. d4 d5 3. e5 Bf5 4. Ne2 e6 5. Nf4 h6 6. c3 Nd7 7. Bd3 Ne7 8. b4 a5 9. a3 axb4 10. cxb4 Bxd3 11. Qxd3 Nf5 12. Bb2 Be7 13. Nd2 0-0 14. Rc1 Nb6 15. 0-0 Qd7 16. Nh5 f6 17. exf6 Bxf6 18. Rce1 Nd6 19. Nf4 Nbc4 20. Nxc4 Nxc4 21. Bc1 e5 22. Ng6 Rfe8 23. dxe5 Nxe5 24. Qg3 Nxg6 25. Qxg6 Qf7 26. Qg3 Kh8 27. Qb3 Qd7 28. a4 d4 29. Bb2 Rxe1 30. Rxe1 Re8 31. Qd1 Rxe1+ 32. Qxe1 d3 33. Bxf6 gxf6 34. Qd2 Kg7 35. Kf1 b6 36. Ke1 c5 37. bxc5 bxc5 38. Qc3 Qe6+ 39. Kd1 c4 40. a5 Qe2+ 41. Kc1 Qf1+ 42. Kb2 Qxf2+ 0-1

[Event "Bordeaux op 2nd"]
[Site "Bordeaux"]
[Date "2014.10.30"]
[Round "7"]
[White "Goulesque, Camille"]
[Black "Delbos, Jean Louis"]
[Result "1/2-1/2"]
[WhiteElo "1892"]
[BlackElo "1790"]
[PlyCount "30"]
[EventDate "2014.10.26"]
[EventType "tourn"]
[EventRounds "9"]
[EventCountry "FRA"]
[SourceTitle "EXT 2016"]
[Source "ChessBase"]
[SourceDate "2015.10.08"]
[SourceVersion "1"]
[SourceVersionDate "2015.10.08"]
[SourceQuality "1"]

1. e4 c6 2. d4 g6 3. Be3 Bg7 4. f3 Qb6 5. Nc3 Qxb2 6. Nge2 Qb6 7. Rb1 Qc7 8. Qd2 d6 9. g4 h5 10. g5 e5 11. dxe5 dxe5 12. Bc5 Bf8 13. Be3 Bg7 14. Bc5 Bf8 15. Be3 Bg7 1/2-1/2

[Event "Bordeaux City-ch"]
[Site "Bordeaux"]
[Date "2013.05.09"]
[Round "4"]
[White "Goulesque, Camille"]
[Black "Quillien, Emmanuel"]
[Result "0-1"]
[WhiteElo "1871"]
[BlackElo "2161"]
[PlyCount "28"]
[EventDate "2013.05.08"]
[EventType "swiss"]
[EventRounds "9"]
[EventCountry "FRA"]
[SourceTitle "CBM 154 Extra"]
[Source "ChessBase"]
[SourceDate "2013.06.25"]
[SourceVersion "2"]
[SourceVersionDate "2013.06.25"]
[SourceQuality "1"]

1. e4 e5 2. f4 d5 3. exd5 exf4 4. Nf3 Nf6 5. Nc3 Nxd5 6. Bc4 Be6 7. Qe2 Be7 8. h4 Nc6 9. d4 0-0 10. 0-0 Re8 11. Bb5 Bxh4 12. Bxc6 bxc6 13. Ne5 Bg3 14. Qh5 Nb4 0-1

[Event "FRA-ch op-C"]
[Site "Pau"]
[Date "2012.08.23"]
[Round "9"]
[White "Vernay, Gaspard"]
[Black "Goulesque, Camille"]
[Result "1-0"]
[WhiteElo "1628"]
[BlackElo "1703"]
[PlyCount "61"]
[EventDate "2012.08.14"]
[EventType "swiss"]
[EventRounds "11"]
[EventCountry "FRA"]
[SourceTitle "EXT 2014"]
[Source "ChessBase"]
[SourceDate "2013.11.20"]
[SourceVersion "1"]
[SourceVersionDate "2013.11.20"]
[SourceQuality "1"]

1. d4 Nf6 2. c4 g6 3. Nc3 Bg7 4. e4 d6 5. Nf3 0-0 6. Be2 e5 7. 0-0 Nc6 8. d5 Ne7 9. Ne1 Nd7 10. Be3 f5 11. f3 f4 12. Bf2 Nf6 13. Nd3 b6 14. b4 a5 15. a3 g5 16. Rc1 h5 17. c5 g4 18. cxb6 cxb6 19. Nb5 Kh8 20. Nb2 axb4 21. axb4 Rg8 22. Nc4 g3 23. hxg3 fxg3 24. Be3 h4 25. Nbxd6 Qf8 26. Nxe5 Kh7 27. Ndf7 Bh8 28. Ng5+ Kg7 29. d6 Ng6 30. d7 Nxe5 31. Ne6+ 1-0

[Event "FRA-ch op-C"]
[Site "Pau"]
[Date "2012.08.22"]
[Round "8"]
[White "Goulesque, Camille"]
[Black "Drochon, Francois"]
[Result "1-0"]
[WhiteElo "1703"]
[BlackElo "1719"]
[PlyCount "85"]
[EventDate "2012.08.14"]
[EventType "swiss"]
[EventRounds "11"]
[EventCountry "FRA"]
[SourceTitle "EXT 2014"]
[Source "ChessBase"]
[SourceDate "2013.11.20"]
[SourceVersion "1"]
[SourceVersionDate "2013.11.20"]
[SourceQuality "1"]

1. e4 c6 2. Nc3 d5 3. Qe2 d4 4. Nd1 e5 5. g3 Nf6 6. Bg2 Be6 7. d3 h6 8. f4 Bg4 9. Nf3 Bd6 10. Nf2 Bxf3 11. Qxf3 Nbd7 12. 0-0 Qc7 13. Bd2 0-0-0 14. c3 Bc5 15. c4 Rdf8 16. b4 Be7 17. Bh3 Kb8 18. Ng4 Ka8 19. a4 h5 20. Nxe5 Nxe5 21. fxe5 Ng4 22. Bxg4 hxg4 23. Qxg4 Qxe5 24. Rf5 Qc7 25. Raf1 Qc8 26. R5f4 Qd8 27. Rxf7 Bf6 28. Rxf8 Rxf8 29. Rf5 b6 30. e5 Be7 31. Rxf8 Bxf8 32. b5 Kb7 33. Qe4 Qd7 34. e6 Qd6 35. Bf4 Qc5 36. Qxc6+ Qxc6 37. bxc6+ Kxc6 38. Bg5 Kd6 39. e7 Bxe7 40. Bxe7+ Kxe7 41. Kf2 Kf6 42. Kf3 Kf5 43. h4 1-0

[Event "St Chely d'Aubrac op 11th"]
[Site "St Chely d'Aubrac"]
[Date "2011.07.09"]
[Round "1"]
[White "Van Hoolandt, Patrick"]
[Black "Goulesque, Camille"]
[Result "1-0"]
[WhiteElo "2166"]
[BlackElo "1660"]
[PlyCount "73"]
[EventDate "2011.07.09"]
[EventType "swiss"]
[EventRounds "7"]
[EventCountry "FRA"]
[SourceTitle "CBM 143 Extra"]
[Source "ChessBase"]
[SourceDate "2011.08.29"]
[SourceVersion "1"]
[SourceVersionDate "2011.08.29"]
[SourceQuality "1"]

1. d4 Nf6 2. c4 g6 3. Nc3 Bg7 4. e4 d6 5. Nf3 0-0 6. Be3 Re8 7. h3 Nbd7 8. Be2 e5 9. d5 Nh5 10. g3 b6 11. Nd2 Nhf6 12. g4 Rf8 13. h4 Nc5 14. b4 Ncd7 15. Rb1 Bb7 16. c5 c6 17. dxc6 Bxc6 18. b5 d5 19. bxc6 d4 20. cxd7 bxc5 21. Bg5 dxc3 22. Nc4 h6 23. Bxf6 Bxf6 24. Rb3 Bxh4 25. Rxc3 Qe7 26. Qd6 Qg5 27. Qxe5 f5 28. gxf5 Rab8 29. Qh2 Rb1+ 30. Bd1 Qh5 31. Rd3 Bxf2+ 32. Kxf2 Rxf5+ 33. exf5 Qxf5+ 34. Ke3 Qg5+ 35. Qf4 Qe7+ 36. Qe5 Qg5+ 37. Qxg5 1-0